Geography Quiz

Random Geography or State Quiz

U.S. State Match (Clickable) Quiz Stats

 Plays Quiz not verified by Sporcle

Challenge
Share
Tweet
Embed
Score 0/50 Timer 10:00
0 Plays Today
% Correct
Georgia
74.7%
Tennessee
71.5%
Michigan
69.6%
Hawaii
69%
Alaska
69%
Pennsylvania
67.7%
North Carolina
67.1%
Florida
65.8%
Vermont
65.2%
Texas
60.8%
Iowa
59.5%
Indiana
57.6%
Virginia
57%
Maryland
57%
Nevada
56.3%
North Dakota
55.7%
Illinois
55.7%
Wisconsin
55.7%
Wyoming
54.4%
Connecticut
54.4%
Kansas
54.4%
Arkansas
53.8%
Minnesota
52.5%
Washington
51.9%
Arizona
51.9%
% Correct
Kentucky
51.9%
New York
51.3%
Missouri
50.6%
New Mexico
50.6%
Ohio
50%
Oregon
49.4%
Louisiana
49.4%
Massachusetts
49.4%
West Virginia
48.7%
Oklahoma
48.7%
Montana
48.7%
Maine
48.7%
Mississippi
48.1%
Utah
48.1%
Colorado
48.1%
New Jersey
47.5%
Idaho
46.8%
New Hampshire
46.8%
Delaware
46.8%
Alabama
44.9%
South Dakota
41.1%
California
39.9%
Nebraska
39.9%
Rhode Island
39.2%
South Carolina
34.2%

You're not logged in!

Compare scores with friends on all Sporcle quizzes.
Join for Free
OR
Log In

You Might Also Like...

Show Comments

Extras

Top Quizzes Today


Score Distribution

Your Account Isn't Verified!

In order to create a playlist on Sporcle, you need to verify the email address you used during registration. Go to your Sporcle Settings to finish the process.

Report this User

Report this user for behavior that violates our Community Guidelines.

Details: